Bilecik Bilecik Bilecik Bilecik Bilecik

Azat kuşları/ (Record no. 20006)

MARC details
000 -BAŞLIK
Sabit Uzunluktaki Kontrol Alanı 01424nam a22003257a 4500
001 - KONTROL NUMARASI
Control Dosyası 0020049
003 - KONTROL NUMARASI KİMLİĞİ
Kontrol Alanı KOHA_MİRAKIL
005 - EN SON İŞLEM TARİHİ ve ZAMANI
Kontrol Alanı 20260207002250.0
007 - FİZİKSEL TANIM SABİT ALAN - GENEL BİLGİ
Sabit uzunluklu kontrol alanı ta
008 - SABİT UZUNLUKTAKİ VERİ ÖGELERİ - GENEL BİLGİ
Sabit Alan 100804b1995 tu |||gr||||#0|||1|tur |
020 ## - ISBN - ULUSLARARASI STANDART KİTAP NUMARASI
Isbn 9757544248
040 ## - KATALOGLAMA KAYNAĞI
Özgün Kataloglama Kurumu TR-BiSEU
Kataloglama Dili tur
Çeviri Kurumu TR-BiSEU
Açıklama Kuralları rda
041 0# - DİL KODU
Metin ya da ses kaydının dil kodu tur
044 ## - YAYINLAYAN/ÜRETEN KURULUŞUN ÜLKE KODU
ISO country code tu
050 ## - SINIFLAMA ve YER NUMARASI
Sınıflama Numarası PL248.A93
Yer Numarası Y55 1995
100 1# - KİŞİ ADI
Yazar Adı (Kişi adı) Yıldız, Ahmed Günbay.
245 1# - ESER ADI BİLDİRİMİ
Başlık Azat kuşları/
Sorumluluk Bildirimi Ahmed Günbay Yıldız ; Ahmed Günbay Yıldız.
264 #1 - ÜRERİM, YAYIN, DAĞITIM ve TELİF BİLDİRİMİ
Yayın yeri İstanbul :
Yayınlayan Timaş
Yayın tarihi 1995
300 ## - FİZİKSEL TANIMLAMA
Sayfa, Cilt vb. 328 s. ;
Boyutları 20cm.
336 ## - İÇERİK TÜRÜ
Content type term metin
Content type code txt
Source rdacontent
337 ## - MEDYA TÜRÜ
Media type term aracısız
Media type code n
Source rdamedia
338 ## - TAŞIYICI TÜRÜ
Carrier type term cilt
Carrier type code nc
Source rdacarrier
490 1# - DİZİ BİLDİRİMİ
Dizi Bildirimi Timaş Yayınları ;
Cilt Numarası 9.
490 1# - DİZİ BİLDİRİMİ
Dizi Bildirimi Roman serisi ;
Cilt Numarası 7.
505 ## - İÇİNDEKİLER NOTU
İçindekiler Notu Halkımızın gerçeklerini, onların derdini, kederini ve sosyal meselelerini ele alarak işleyen romancımız Ahmet Günbay Yıldız'ın 'Azat Kuşları' kısa zamanda üst üste yeni baskılar yaptı... Bu roman, romancının gözlemlerine dayanan ve halka mâl olmuş gerçek bir hayat hikayesidir. Sosyal değerleri dumura uğratılan küçük bir köy örneğiyle, koca bir toplumdaki çözülüşü ve ferdî çözüm arayışlarını gündeme getiren yazar, aynı zamanda çözüm için birtakım ipuçları da vermektedir
830 1# - SERİ EK GİRİŞİ - TEKBİÇİM ESER ADI
Tekbiçim Başlık Timaş Yayınları ;
Volume number/sequential designation 9.
9 (RLIN) 9767
830 1# - SERİ EK GİRİŞİ - TEKBİÇİM ESER ADI
Tekbiçim Başlık Roman serisi ;
Volume number/sequential designation 7.
9 (RLIN) 17964
907 ## - LOCAL DATA ELEMENT G, LDG (RLIN)
a Roman
942 ## - EK GİRİŞ ÖGELERİ (KOHA)
Source of classification or shelving scheme Library of Congress Classification
Koha item type Book
Holdings
Materyal Türü Kalıcı Konum Mevcut Konum Sınıflandırma Kaynağı Edinim Bilgisi Ana Konular Alt Konular Yer Numarası Demirbaş Numarası Fatura Tarihi Maliyet, Alış Fiyatı Maliyet, Yenileme Fiyatı Geri Çekilme Durumu Kayıp Durumu Hasarlı Durumu Kredi için değil Kayıt Tarih Toplam Ödünçverme Son Görülme Tarihi Son Kontrol Tarihi Genel / Bağış Notu
Book BŞEÜ Osmaneli MYO Kütüphanesi BŞEÜ Osmaneli MYO Kütüphanesi Library of Congress Classification Bağış DİL VE EDEBİYAT Doğu Asya, Afrika, Okyanusya Dilleri ve Edebiyatları PL248.A93 Y55 1995 0020049 02/02/2026 4.00 4.00         04/08/2010   05/12/2024 05/12/2024 Genel Bağış